000 01069nam a22002537a 4500
005 20170124103200.0
010 _aA-828580
020 _c400.00
035 _aA-828580
037 _bCen Lib/Ret
040 _aDPL
_bHN
082 _a320.1
_bउन्नीम
100 _aउन्नी महोदय
_991588
245 _aकौटिल्यम अर्थशास्त्र /
_cउन्नी महोदय
246 _aKoutilyyalm artshastrm
_b by Unni Mahaodya
260 _aदिल्ली
_bभारतीय विद्या प्रकाशन
_c1984
270 _aयु.बी. जवाहर नगर बेंगलो रोड
_bदिल्ली
_e110007
300 _aviii,368पृष्ठ.
_c20सेमी(सजिल्द)
650 _aअर्थशास्त्र
_991589
650 _aअर्थशास्त्र - कौटिल्य
_96490
650 _aEconomics
_991590
650 _aEconomics - Kautilya
_991591
942 _2ddc
_cHN
_h320.1
_mउन्नीम
999 _c120618
_d120618